[Event "Open MT for 1800 - 2200"]
[Site "SchemingMind.com"]
[Date "2007.05.15"]
[Round "-"]
[White "Pedro666"]
[Black "maaac"]
[Result "1-0"]
[WhiteCountry "POL"]
[BlackCountry "AUS"]
[WhiteElo "2177"]
[WhiteRD "107"]
[BlackElo "1776"]
[BlackRD "81"]
[GameID "105156"]

1. Nf3 Nf6 2. g3 g6 3. Bg2 Bg7 4. O-O O-O 5. d4 d6 6. c4 Nc6 7. d5 Nb8 8. Nc3 e5 9. h3 Nbd7 10. e4 Nc5
11. Qc2 a5 12. Be3 Nh5 13. Rad1 f5 14. exf5 gxf5 15. Nb5 b6 16. Ng5 h6 17. Ne6 Nxe6 18. dxe6 Rb8 19. Bd5 Qe7 20. Nxc7 Bb7
21. Bxb6
1-0

[Event "Open MT for 1800 - 2200"]
[Site "SchemingMind.com"]
[Date "2007.05.16"]
[Round "-"]
[White "JLD"]
[Black "maaac"]
[Result "1-0"]
[WhiteCountry "USA"]
[BlackCountry "AUS"]
[WhiteElo "1991"]
[WhiteRD "118"]
[BlackElo "1776"]
[BlackRD "81"]
[GameID "105157"]

1. e4 c5 2. Nc3 g6 3. g3 Bg7 4. Bg2 e5 5. d3 Ne7 6. f4 d6 7. Be3 O-O 8. fxe5 Bxe5 9. Nf3 b6 10. Nxe5 dxe5
11. O-O Be6 12. Qf3 Nbc6 13. Bh6 Nc8 14. Nb5 Nd4 15. Nxd4 cxd4 16. Bxf8 Qxf8 17. c4 Nd6 18. b4 Nb7 19. a3 a5 20. Qf6 Qd6
21. Bh3 Re8 22. Bxe6 Qxe6 23. Rf2 Qxf6 24. Rxf6
1-0

[Event "Open MT for 1800 - 2200"]
[Site "SchemingMind.com"]
[Date "2007.05.14"]
[Round "-"]
[White "remman"]
[Black "maaac"]
[Result "1-0"]
[WhiteCountry "FIN"]
[BlackCountry "AUS"]
[WhiteElo "2135"]
[WhiteRD "128"]
[BlackElo "1819"]
[BlackRD "75"]
[GameID "105158"]

1. e4 c5 2. Nf3 d6 3. d4 cxd4 4. Nxd4 Nf6 5. Nc3 a6 6. Be3 e5 7. Nb3 Be7 8. f3 O-O 9. Qd2 Be6 10. O-O-O a5
11. Bb5 Ne8 12. Nc5 Nc7 13. Nxb7 Qc8 14. Nxd6 Bxd6 15. Qxd6 Nxb5 16. Nxb5 Na6 17. a3 Qb7 18. Qxe5 Bc4 19. Nd6 Qc6 20. Nxc4 Qxc4
21. Bd4 f6 22. Qd5+ Qxd5 23. exd5
1-0